[Event "DEM U10 2005"]
[Site "Willingen GER"]
[Date "2005.05.15"]
[Round "1"]
[White "Kaphle, Sebastian"]
[Black "Friedt, Marius"]
[Result "1-0"]
[Termination "normal"]
[Board "1"]
[WhiteElo "1824"]
[BlackElo "1127"]
[PlyCount "85"]
[WhiteFideId "24626708"]
[BlackFideId "4642830"]
[EventCountry "GER"]
[EventRounds "11"]
[EventType "swiss"]
[EventDate "2005.05.15"]

1. e4 c5 2. Nf3 Nc6 3. d4 cxd4 4. Nxd4 g6 5. Nc3 Bg7 6. Be3 Nf6 7. Bc4 Qa5 8.
Qd2 Qb4 9. Bb3 Nxe4 10. Nxc6 Qxc3 11. bxc3 Nxd2 12. Kxd2 bxc6 13. Bd4 Bh6+ 14.
Kd3 Ba6+ 15. c4 O-O 16. Rhe1 Rfe8 17. Re4 d5 18. Re2 f6 19. Re6 dxc4+ 20. Bxc4
Bb5 21. Rae1 Bxc4+ 22. Kxc4 Bf8 23. Bxf6 Kf7 24. Bd4 Rec8 25. h4 c5 26. Bc3
Rab8 27. R6e5 h5 28. f4 Rb6 29. f5 Rc7 30. fxg6+ Rxg6 31. Rf5+ Kg8 32. Rxh5 Kf7
33. Rf1+ Ke8 34. Ba5 Rd7 35. Rxc5 Rf6 36. Rc8+ Kf7 37. Rxf6+ exf6 38. Rc7 Rxc7+
39. Bxc7 Ke7 40. Kd5 Kd7 41. Bf4 a5 42. h5 Ke7 43. Bd6+ 1-0

[Event "DEM U10 2005"]
[Site "Willingen GER"]
[Date "2005.05.15"]
[Round "1"]
[White "Kühnel, Lena"]
[Black "Zier, Oliver"]
[Result "0-1"]
[Termination "normal"]
[Board "2"]
[WhiteElo "1124"]
[BlackElo "1563"]
[PlyCount "120"]
[WhiteFideId "24640956"]
[BlackFideId "24631906"]
[EventCountry "GER"]
[EventRounds "11"]
[EventType "swiss"]
[EventDate "2005.05.15"]

1. e4 c5 2. Nf3 e6 3. d4 cxd4 4. Nxd4 Nf6 5. Nc3 Nc6 6. Be3 Bb4 7. f3 d5 8.
exd5 Nxd5 9. Nxc6 bxc6 10. Bd2 Nxc3 11. Bxc3 Bxc3+ 12. bxc3 Qa5 13. Qd4 e5 14.
Qb4 Qb6 15. Rb1 Rb8 16. Be2 Bf5 17. Qxb6 Rxb6 18. Rxb6 axb6 19. Bd3 Be6 20. a3
Kd7 21. Ke2 Ra8 22. Ra1 Ra5 23. Ke3 c5 24. g4 Kd6 25. h4 h6 26. h5 Ke7 27. Be4
Kf6 28. Kf2 Ra4 29. Bd3 Rf4 30. Kg3 Bd5 31. Be2 Bc4 32. Bd1 Kg5 33. Rb1 b5 34.
Rb2 e4 35. fxe4 Rxe4 36. Bf3 Re3 37. Rb1 Bd5 38. Rf1 Rxc3 39. Kg2 Rxc2+ 40. Kg3
Rc3 41. Kg2 Rxf3 42. Rxf3 Bxf3+ 43. Kxf3 f5 44. gxf5 Kxf5 45. Ke3 g5 46. hxg6
Kxg6 47. Kd3 h5 48. Kd2 h4 49. Ke2 c4 50. Ke3 h3 51. Kf2 c3 52. Kg3 c2 53. Kxh3
c1=Q 54. Kg3 Qf1 55. a4 bxa4 56. Kg4 a3 57. Kg3 a2 58. Kh2 a1=Q 59. Kg3 Qe5+
60. Kg4 Qef4# 0-1

[Event "DEM U10 2005"]
[Site "Willingen GER"]
[Date "2005.05.15"]
[Round "1"]
[White "Babayev, Ramil"]
[Black "Schäfer, Ann-Kathrin"]
[Result "1-0"]
[Termination "normal"]
[Board "3"]
[WhiteElo "1533"]
[BlackElo "1118"]
[PlyCount "69"]
[WhiteFideId "24664243"]
[BlackFideId "24615412"]
[EventCountry "GER"]
[EventRounds "11"]
[EventType "swiss"]
[EventDate "2005.05.15"]

1. e4 c5 2. Nc3 e6 3. f4 d6 4. Bb5+ Nd7 5. Nf3 Ngf6 6. d3 Be7 7. O-O O-O 8. Qe1
b6 9. Bc6 Rb8 10. Qg3 Qc7 11. Bxd7 Bxd7 12. Bd2 e5 13. f5 Nh5 14. Qf2 Bc6 15.
Ne1 Rfd8 16. g4 Nf6 17. g5 Nh5 18. Qf3 Nf4 19. Bxf4 exf4 20. Qxf4 Qd7 21. f6
Bf8 22. Nf3 d5 23. exd5 Bxd5 24. Ne5 Qh3 25. Nxd5 Rxd5 26. fxg7 Bxg7 27. Qxf7+
Kh8 28. Qxd5 Qg4+ 29. Nxg4 Bd4+ 30. Kh1 Rg8 31. Qf7 Rxg5 32. Nf6 Bxf6 33. Qxf6+
Rg7 34. Qe5 a5 35. Rf8# 1-0

[Event "DEM U10 2005"]
[Site "Willingen GER"]
[Date "2005.05.15"]
[Round "1"]
[White "Volz, Alexander"]
[Black "Osmanodja, Filiz"]
[Result "0-1"]
[Termination "normal"]
[Board "4"]
[WhiteElo "1117"]
[BlackElo "1518"]
[PlyCount "142"]
[WhiteFideId "4669126"]
[BlackFideId "24633569"]
[EventCountry "GER"]
[EventRounds "11"]
[EventType "swiss"]
[EventDate "2005.05.15"]

1. e4 c5 2. Nf3 d6 3. d4 cxd4 4. Nxd4 Nf6 5. Nc3 g6 6. Be3 Bg7 7. f3 O-O 8. Qd2
Nc6 9. O-O-O Nxd4 10. Bxd4 Be6 11. Kb1 Qc7 12. Bd3 Rfc8 13. Rhe1 Qa5 14. a3 a6
15. Qe3 Rc6 16. e5 Nd7 17. exd6 Bxd4 18. Qxd4 Rxd6 19. Qa4 Qb6 20. Ne4 Rd4 21.
c4 Rc8 22. Bf1 Bxc4 23. Rxd4 Qxd4 24. Bxc4 Rxc4 25. Qd1 b5 26. Qxd4 Rxd4 27.
Re2 e6 28. Kc2 f5 29. Ng5 e5 30. Rd2 Rxd2+ 31. Kxd2 Nc5 32. b4 Nd7 33. Ne6 Kf7
34. Nc7 Nb8 35. Kd3 Ke7 36. Nd5+ Ke6 37. Nc3 Nc6 38. Ne2 Ne7 39. f4 Nd5 40.
fxe5 Kxe5 41. g3 g5 42. Nd4 f4 43. Nf3+ Kf5 44. Nd4+ Ke5 45. Nc6+ Kd6 46. Nd4
g4 47. Ne2 f3 48. Nd4 h5 49. Nf5+ Ke5 50. Ng7 Nf6 51. Ke3 Kd5 52. Kd3 f2 53.
Ke2 f1=Q+ 54. Kxf1 Kc4 55. Ne6 Kb3 56. Nc7 Kxa3 57. Nxa6 Nd5 58. Ke2 Nxb4 59.
Nxb4 Kxb4 60. Ke3 Kc3 61. Kf4 b4 62. Kg5 b3 63. Kxh5 b2 64. Kxg4 b1=Q 65. h4
Qb3 66. Kf4 Kd4 67. g4 Qf7+ 68. Kg3 Ke3 69. h5 Qf2+ 70. Kh3 Kf3 71. g5 Qg3# 0-1

[Event "DEM U10 2005"]
[Site "Willingen GER"]
[Date "2005.05.15"]
[Round "1"]
[White "Peil, Christoph"]
[Black "Marquardt, Patrick"]
[Result "0-1"]
[Termination "normal"]
[Board "6"]
[WhiteElo "1096"]
[BlackElo "1459"]
[PlyCount "138"]
[WhiteFideId "24651800"]
[BlackFideId "4670086"]
[EventCountry "GER"]
[EventRounds "11"]
[EventType "swiss"]
[EventDate "2005.05.15"]

1. d4 d5 2. c4 e6 3. Nc3 Nf6 4. Nf3 c6 5. c5 Nbd7 6. Bf4 Be7 7. e3 O-O 8. Bd3
b6 9. b4 Bb7 10. O-O Nh5 11. Ne5 Nxf4 12. exf4 Qc7 13. Qc2 h6 14. Rfe1 Nxe5 15.
fxe5 Rfe8 16. Re3 Bg5 17. Rf3 f6 18. Bh7+ Kh8 19. Re1 fxe5 20. Rxe5 Bf6 21. Re2
Bxd4 22. Bg6 Re7 23. Qd3 bxc5 24. Na4 Bf6 25. Nxc5 e5 26. Qf5 Bc8 27. Qd3 e4
28. Bxe4 dxe4 29. Nxe4 Bg4 30. Nxf6 gxf6 31. Rxe7 Qxe7 32. Re3 Rd8 33. Qc2 Qd6
34. Re1 Qd1 35. Qc3 Qxe1+ 36. Qxe1 Rd1 37. Qxd1 Bxd1 38. a3 Kg8 39. Kf1 Kf7 40.
Ke1 Ba4 41. Ke2 Ke6 42. Ke3 Ke5 43. f4+ Kf5 44. h3 h5 45. g3 Ke6 46. Kd4 Bb5
47. Kc5 Kf5 48. Kd4 h4 49. gxh4 Kxf4 50. Kc5 Ke5 51. h5 f5 52. h6 Kf6 53. Kd4
Kg6 54. Ke5 Bd3 55. Kd6 Be4 56. Ke5 Kxh6 57. Kf4 Kg6 58. Kg3 Kg5 59. h4+ Kh5
60. a4 a6 61. a5 Bd3 62. Kf4 Kxh4 63. Ke5 Kg4 64. Kd4 Bb5 65. Ke3 Kg3 66. Kd2
f4 67. Ke1 f3 68. Kd2 f2 69. Ke3 f1=Q 0-1

[Event "DEM U10 2005"]
[Site "Willingen GER"]
[Date "2005.05.15"]
[Round "1"]
[White "Pfeiffer, Daniel"]
[Black "Düssler, Stefanie"]
[Result "1-0"]
[Termination "normal"]
[Board "7"]
[WhiteElo "1428"]
[BlackElo "1087"]
[PlyCount "65"]
[WhiteFideId "24641960"]
[BlackFideId "4634780"]
[EventCountry "GER"]
[EventRounds "11"]
[EventType "swiss"]
[EventDate "2005.05.15"]

1. e4 e5 2. Nf3 Nf6 3. Nxe5 d6 4. Nf3 Nxe4 5. d4 d5 6. Bd3 Bg4 7. c4 c6 8. O-O
Be7 9. Re1 f5 10. Nc3 O-O 11. Qb3 Bxf3 12. gxf3 Nxc3 13. bxc3 b6 14. Ba3 Bxa3
15. Qxa3 Qg5+ 16. Kh1 Qd2 17. Be2 Re8 18. Rad1 Qf4 19. Qc1 Qxc1 20. Rxc1 Nd7
21. Bd3 g6 22. Re3 Nf6 23. Rce1 Kf7 24. Rxe8 Rxe8 25. Re3 Nh5 26. cxd5 cxd5 27.
Ba6 Nf4 28. Kg1 Rxe3 29. fxe3 Ne2+ 30. Bxe2 Ke6 31. Kg2 Kd6 32. Ba6 Kc6 33. a4
1-0

[Event "DEM U10 2005"]
[Site "Willingen GER"]
[Date "2005.05.15"]
[Round "1"]
[White "Stuhler, Kilian"]
[Black "Schmitt, Katrin"]
[Result "0-1"]
[Termination "normal"]
[Board "8"]
[WhiteElo "1087"]
[BlackElo "1398"]
[PlyCount "68"]
[BlackFideId "24654400"]
[EventCountry "GER"]
[EventRounds "11"]
[EventType "swiss"]
[EventDate "2005.05.15"]

1. e4 e5 2. Nf3 Nc6 3. Bc4 Bc5 4. c3 Nf6 5. d4 exd4 6. cxd4 Bb4+ 7. Nc3 Bxc3+
8. bxc3 Nxe4 9. Qd3 d5 10. Bb5 O-O 11. Ba3 Re8 12. O-O a6 13. Bxc6 bxc6 14. Ne5
Bd7 15. f3 Nf6 16. Rfe1 Nh5 17. Nxd7 Qxd7 18. Bc5 Nf4 19. Qd2 Ne6 20. Ba3 h6
21. Re3 Ng5 22. Rae1 Re6 23. h4 Nh7 24. Rxe6 fxe6 25. Qe2 Kf7 26. Qd3 Nf6 27.
g4 g6 28. h5 gxh5 29. gxh5 Rg8+ 30. Kf2 Qc8 31. Qe3 Rh8 32. f4 Ng4+ 33. Kf3
Nxe3 34. Kxe3 Rg8 0-1

[Event "DEM U10 2005"]
[Site "Willingen GER"]
[Date "2005.05.15"]
[Round "1"]
[White "Tran, Duc Cuong"]
[Black "Gerntke, Oliver"]
[Result "1-0"]
[Termination "normal"]
[Board "9"]
[WhiteElo "1395"]
[BlackElo "1085"]
[PlyCount "89"]
[WhiteFideId "24689718"]
[BlackFideId "24647977"]
[EventCountry "GER"]
[EventRounds "11"]
[EventType "swiss"]
[EventDate "2005.05.15"]

1. e4 e5 2. Nf3 Nc6 3. Bc4 Bc5 4. Nc3 d6 5. d3 Bg4 6. h3 Bh5 7. Be3 Bb4 8. g4
Bg6 9. Bd2 Nge7 10. Nd5 Bxd2+ 11. Qxd2 Nxd5 12. Bxd5 Qf6 13. Qe2 Ne7 14. Bb3
Qf4 15. Qe3 Qxe3+ 16. fxe3 O-O-O 17. O-O-O f6 18. Nh4 h5 19. gxh5 Bxh5 20. Rdg1
g5 21. Nf5 Nxf5 22. exf5 Rh6 23. h4 g4 24. Rh2 Rh7 25. c3 Rg7 26. d4 exd4 27.
cxd4 Re8 28. Be6+ Kd8 29. Rhg2 c6 30. e4 Bf7 31. Bxf7 Rxe4 32. Bg6 Rxd4 33.
Rxg4 Rxg4 34. Rxg4 Kd7 35. h5 Rg8 36. h6 Rh8 37. h7 d5 38. Be8+ Ke7 39. Rg7+
Kd6 40. Bg6 d4 41. Rg8 Rxg8 42. hxg8=Q Kc5 43. b3 Kb4 44. Qc4+ Ka3 45. Qa4# 1-0

[Event "DEM U10 2005"]
[Site "Willingen GER"]
[Date "2005.05.15"]
[Round "1"]
[White "Plotkin, Alex"]
[Black "Rozenfeld, Elisabeth"]
[Result "0-1"]
[Termination "normal"]
[Board "10"]
[WhiteElo "1060"]
[BlackElo "1383"]
[PlyCount "119"]
[BlackFideId "4624742"]
[EventCountry "GER"]
[EventRounds "11"]
[EventType "swiss"]
[EventDate "2005.05.15"]

1. e4 e5 2. Nc3 Nf6 3. f4 Bb4 4. d3 Nc6 5. Nf3 d5 6. a3 Bxc3+ 7. bxc3 dxe4 8.
Nxe5 O-O 9. Be2 Re8 10. d4 e3 11. O-O Ne4 12. Bxe3 f6 13. Nxc6 bxc6 14. Qd3 a5
15. Bf3 Ba6 16. c4 f5 17. Rfe1 Rb8 18. Bf2 Nd6 19. Bxc6 Rxe1+ 20. Rxe1 Bxc4 21.
Qg3 Qf6 22. Qh4 Qg6 23. Qg5 Qf7 24. Re7 Qf8 25. h3 Rb1+ 26. Kh2 h6 27. Qh4 g5
28. fxg5 Qxe7 29. Qxh6 Qg7 30. Qh4 Rb6 31. d5 Qe5+ 32. Bg3 f4 33. Bxf4 Qh8 34.
Qe1 Bb5 35. Qe6+ Kf8 36. Bxd6+ cxd6 37. Qe8+ Kg7 38. Bxb5 Qxe8 39. Bxe8 Rb2 40.
c4 Rc2 41. Bb5 Kg6 42. h4 Rc3 43. a4 Re3 44. g3 Kh5 45. Kh3 Kg6 46. Kg4 Re4+
47. Kh3 Kh5 48. c5 dxc5 49. g4+ Kg6 50. h5+ Kxg5 51. d6 Rxg4 52. d7 Rd4 53. Kg3
Kxh5 54. Kf3 Kg5 55. Ke3 Rd6 56. Ke4 Kf6 57. Kf4 Ke7 58. Kf3 Kd8 59. Ke3 Kc7
60. Kf3 0-1

[Event "DEM U10 2005"]
[Site "Willingen GER"]
[Date "2005.05.15"]
[Round "1"]
[White "Xu, Xianliang"]
[Black "Pohl, Theresa"]
[Result "1-0"]
[Termination "normal"]
[Board "11"]
[WhiteElo "1370"]
[BlackElo "1049"]
[PlyCount "127"]
[WhiteFideId "4603230"]
[EventCountry "GER"]
[EventRounds "11"]
[EventType "swiss"]
[EventDate "2005.05.15"]

1. c4 e5 2. Nc3 Nc6 3. g3 d6 4. Bg2 Bd7 5. Nf3 Nf6 6. O-O g6 7. b3 Bg7 8. Bb2
O-O 9. Rc1 Bf5 10. Nh4 Be6 11. d3 d5 12. Na4 b6 13. cxd5 Bxd5 14. Rxc6 Bxc6 15.
Bxc6 Rc8 16. Bxe5 Qe7 17. Bb2 Qe6 18. Bg2 Rfe8 19. Re1 Rcd8 20. Qc1 Rd7 21. Bc6
Rde7 22. Bxe8 Nxe8 23. Bxg7 Nxg7 24. Qc4 Qe5 25. Nf3 Qf5 26. Qf4 Qd7 27. Ne5
Qd6 28. Nc4 Qb4 29. Qd2 Qb5 30. Nc3 Qc6 31. Rc1 b5 32. Na5 Qb6 33. Nd5 Qd6 34.
Nxe7+ Qxe7 35. Nc6 Qd6 36. Qc3 a6 37. Qc5 Qxc5 38. Rxc5 Ne6 39. Rc1 Kg7 40. Kg2
Kf6 41. Kf3 Ng5+ 42. Ke3 Ke6 43. Nd4+ Kd5 44. b4 Ke5 45. Nf3+ Nxf3 46. exf3 f5
47. f4+ Kd6 48. d4 c6 49. h3 h6 50. g4 fxg4 51. hxg4 h5 52. gxh5 gxh5 53. f5 h4
54. f6 Ke6 55. Rxc6+ Kf7 56. Kf4 h3 57. Kf5 h2 58. Rc1 h1=Q 59. Rxh1 Kf8 60.
Ke6 Kg8 61. Ke7 a5 62. f7+ Kg7 63. f8=Q+ Kg6 64. Qf6# 1-0

[Event "DEM U10 2005"]
[Site "Willingen GER"]
[Date "2005.05.15"]
[Round "1"]
[White "Titgemeyer, Sven"]
[Black "Gheng, Michael Dan"]
[Result "1/2-1/2"]
[Termination "normal"]
[Board "12"]
[WhiteElo "1041"]
[BlackElo "1368"]
[PlyCount "70"]
[WhiteFideId "24676934"]
[EventCountry "GER"]
[EventRounds "11"]
[EventType "swiss"]
[EventDate "2005.05.15"]

1. e4 c5 2. Nf3 Nc6 3. d4 cxd4 4. Nxd4 g6 5. Nc3 Bg7 6. Be3 Nf6 7. Be2 O-O 8.
O-O d6 9. Qd2 Nd7 10. Nxc6 bxc6 11. Bh6 Rb8 12. Rab1 Nc5 13. Rfd1 Ne6 14. Bxg7
Kxg7 15. Bg4 Nc5 16. Bxc8 Qxc8 17. Qd4+ f6 18. f4 Ne6 19. Qxa7 Rb7 20. Qe3 Nc7
21. e5 fxe5 22. fxe5 Qe6 23. Re1 d5 24. Qc5 Na6 25. Qe3 Rb4 26. Qa7 c5 27. Nxd5
Qxd5 28. Qxa6 Rg4 29. Qe2 Qd4+ 30. Kh1 Rf2 31. c3 Rgxg2 32. cxd4 Rxh2+ 33. Kg1
Rhg2+ 34. Kh1 Rh2+ 35. Kg1 Rhg2+ 1/2-1/2

[Event "DEM U10 2005"]
[Site "Willingen GER"]
[Date "2005.05.15"]
[Round "1"]
[White "Gisy, Roberto"]
[Black "Dang, An-Hai"]
[Result "1-0"]
[Termination "normal"]
[Board "13"]
[WhiteElo "1366"]
[BlackElo "1038"]
[PlyCount "37"]
[EventCountry "GER"]
[EventRounds "11"]
[EventType "swiss"]
[EventDate "2005.05.15"]

1. e4 d5 2. exd5 Nf6 3. Nf3 Nxd5 4. Bc4 Nb6 5. Bb3 Nc6 6. d4 Bg4 7. Be3 e6 8.
c3 Bxf3 9. Qxf3 Be7 10. Nd2 O-O 11. O-O Bg5 12. Ne4 Bxe3 13. fxe3 Na5 14. Bc2
Nac4 15. b3 f5 16. bxc4 fxe4 17. Qxe4 Rxf1+ 18. Rxf1 Qc8 19. Qxh7# 1-0

[Event "DEM U10 2005"]
[Site "Willingen GER"]
[Date "2005.05.15"]
[Round "1"]
[White "Schröder, Björn"]
[Black "Nitsche-Hahn, Maxim"]
[Result "0-1"]
[Termination "normal"]
[Board "14"]
[WhiteElo "1035"]
[BlackElo "1356"]
[PlyCount "44"]
[BlackFideId "4613090"]
[EventCountry "GER"]
[EventRounds "11"]
[EventType "swiss"]
[EventDate "2005.05.15"]

1. d4 d5 2. c4 e6 3. Nc3 c6 4. Bf4 Nf6 5. a3 a5 6. Nf3 Be7 7. e3 O-O 8. Ne5
Nbd7 9. Nxd7 Bxd7 10. Bd3 h6 11. O-O Rc8 12. Re1 b6 13. e4 dxe4 14. Bxe4 Qe8
15. Na4 Qd8 16. Bf3 Ne8 17. Qb3 b5 18. cxb5 cxb5 19. Nc3 a4 20. Qa2 Bd6 21.
Bxd6 Nxd6 22. b3 Rxc3 0-1

[Event "DEM U10 2005"]
[Site "Willingen GER"]
[Date "2005.05.15"]
[Round "1"]
[White "Große, Christian"]
[Black "Steinicke, Rebecca"]
[Result "1-0"]
[Termination "normal"]
[Board "15"]
[WhiteElo "1347"]
[BlackElo "1019"]
[PlyCount "75"]
[WhiteFideId "24646156"]
[EventCountry "GER"]
[EventRounds "11"]
[EventType "swiss"]
[EventDate "2005.05.15"]

1. c4 e5 2. Nc3 Nc6 3. g3 Bc5 4. Bg2 Nf6 5. e3 d6 6. Nge2 Bf5 7. d4 Nb4 8. e4
exd4 9. exf5 dxc3 10. bxc3 Nc6 11. Rb1 b6 12. Bxc6+ Nd7 13. Bxa8 Qxa8 14. O-O
Ne5 15. Nd4 Bxd4 16. cxd4 Nf3+ 17. Kh1 Nd2+ 18. f3 Nxb1 19. Qb3 d5 20. Re1+ Kf8
21. Qxb1 dxc4 22. Kg2 h5 23. Qb4+ c5 24. dxc5 a5 25. Qxc4 Qc6 26. Ba3 b5 27.
Qe4 Qxe4 28. Rxe4 b4 29. c6 g6 30. Bb2 f6 31. Bxf6 Rh7 32. Be7+ Rxe7 33. Rxe7
Kxe7 34. fxg6 a4 35. c7 Kd7 36. g7 Kxc7 37. g8=Q b3 38. axb3 1-0

[Event "DEM U10 2005"]
[Site "Willingen GER"]
[Date "2005.05.15"]
[Round "1"]
[White "Hauffen, Franziska"]
[Black "Klek, Hanna-Marie"]
[Result "0-1"]
[Termination "normal"]
[Board "16"]
[WhiteElo "1014"]
[BlackElo "1340"]
[PlyCount "102"]
[BlackFideId "24670057"]
[EventCountry "GER"]
[EventRounds "11"]
[EventType "swiss"]
[EventDate "2005.05.15"]

1. e4 d5 2. exd5 Qxd5 3. Nc3 Qa5 4. Nf3 Nf6 5. Bc4 Bg4 6. h3 Bh5 7. O-O e6 8.
Bb5+ c6 9. Bc4 Bc5 10. d3 O-O 11. Bf4 Nbd7 12. a3 Qd8 13. b4 Bb6 14. d4 Nd5 15.
Nxd5 cxd5 16. Be2 Bg6 17. Bg5 Qc7 18. Bf4 Qxf4 19. a4 Rac8 20. Rc1 Nf6 21. a5
Bc7 22. Re1 Ne4 23. Bd3 Nc3 24. Qd2 Qxd2 25. Nxd2 Bxd3 26. cxd3 Nb5 27. Nb3 Bd6
28. g3 Bxb4 29. Re2 Rxc1+ 30. Nxc1 Bxa5 31. Rc2 Nxd4 32. Ra2 Bb6 33. Rb2 Rc8
34. Rb1 Rc6 35. Ra1 a5 36. h4 a4 37. h5 Nb3 38. Nxb3 axb3 39. Rb1 Rc3 40. Kf1
Rxd3 41. Ke2 Rc3 42. Kd2 Bd4 43. g4 Rf3 44. g5 b2 45. Kc2 Rxf2+ 46. Kb3 e5 47.
Ka2 Rc2 48. Kb3 Rc1 49. Ka2 Rxb1 50. Kxb1 e4 51. h6 e3 0-1

[Event "DEM U10 2005"]
[Site "Willingen GER"]
[Date "2005.05.15"]
[Round "1"]
[White "Sarchisov, Slavik"]
[Black "Chevelevitch, Valentin"]
[Result "1/2-1/2"]
[Termination "normal"]
[Board "17"]
[WhiteElo "1337"]
[BlackElo "1003"]
[PlyCount "82"]
[WhiteFideId "24647888"]
[BlackFideId "12945587"]
[EventCountry "GER"]
[EventRounds "11"]
[EventType "swiss"]
[EventDate "2005.05.15"]

1. e4 e5 2. Nf3 Nf6 3. Nc3 Nc6 4. d4 Bb4 5. Bg5 exd4 6. Nxd4 h6 7. Bxf6 Qxf6 8.
Nde2 O-O 9. Qd2 Re8 10. f3 d6 11. a3 Ba5 12. Rd1 Qh4+ 13. Ng3 f5 14. Bc4+ Kh8
15. O-O fxe4 16. Ngxe4 Bf5 17. Rfe1 Bxc3 18. Qxc3 Bxe4 19. fxe4 Rxe4 20. Bd5
Rxe1+ 21. Rxe1 Qd4+ 22. Qxd4 Nxd4 23. Bxb7 Rb8 24. Be4 Rxb2 25. Kf2 Kg8 26. Bg6
Rb8 27. Re7 Rf8+ 28. Ke3 Nf5+ 29. Bxf5 Rxf5 30. Rxc7 Ra5 31. Rc3 Kf7 32. Rd3
Ke6 33. Ke2 Rh5 34. h3 Rc5 35. Kd2 Rc6 36. Rd4 Ra6 37. Re4+ Kf5 38. Re3 Kf4 39.
Ke2 d5 40. Kd2 d4 41. Rd3 Ke4 1/2-1/2

[Event "DEM U10 2005"]
[Site "Willingen GER"]
[Date "2005.05.15"]
[Round "1"]
[White "Meir, Lenz"]
[Black "Müller, Alexander"]
[Result "1/2-1/2"]
[Termination "normal"]
[Board "18"]
[WhiteElo "993"]
[BlackElo "1336"]
[PlyCount "69"]
[BlackFideId "4624696"]
[EventCountry "GER"]
[EventRounds "11"]
[EventType "swiss"]
[EventDate "2005.05.15"]

1. d4 d5 2. c4 Nf6 3. Nc3 Bf5 4. Nf3 e6 5. e3 Nc6 6. Be2 Ne4 7. Nxe4 Bxe4 8.
Bd3 Bxd3 9. Qxd3 Bb4+ 10. Nd2 O-O 11. O-O Bxd2 12. Bxd2 dxc4 13. Qxc4 Qe7 14.
Rfe1 Rad8 15. Qb5 Qd6 16. Qxb7 Rb8 17. Qa6 Rxb2 18. Bc3 Rb6 19. Qd3 e5 20. d5
Nb4 21. Bxb4 Rxb4 22. Rab1 Rfb8 23. e4 Qb6 24. Rxb4 Qxb4 25. Rd1 Qd6 26. f3
Qc5+ 27. Kh1 Rb2 28. Qa6 h6 29. Qc8+ Kh7 30. Qf5+ Kg8 31. Qc8+ Kh7 32. Qf5+ Kg8
33. Qc8+ Kh7 34. Qf5+ Kg8 35. Qc8+ 1/2-1/2

[Event "DEM U10 2005"]
[Site "Willingen GER"]
[Date "2005.05.15"]
[Round "1"]
[White "Grünwald, Sven"]
[Black "Barden, Andrea"]
[Result "1-0"]
[Termination "normal"]
[Board "19"]
[WhiteElo "1323"]
[BlackElo "990"]
[PlyCount "47"]
[WhiteFideId "24629642"]
[BlackFideId "24698822"]
[EventCountry "GER"]
[EventRounds "11"]
[EventType "swiss"]
[EventDate "2005.05.15"]

1. e4 g6 2. d4 Bg7 3. Nf3 d6 4. Nc3 Nf6 5. h3 O-O 6. Be3 b6 7. Qd2 Bb7 8. Bd3
e6 9. O-O Qe7 10. Bh6 Nbd7 11. Qg5 Qe8 12. Rfe1 a5 13. d5 e5 14. Bxg7 Kxg7 15.
Nh4 Qd8 16. Re3 h6 17. Nf5+ Kg8 18. Qxh6 gxf5 19. Rg3+ Ng4 20. hxg4 Qf6 21.
gxf5+ Qg6 22. fxg6 fxg6 23. Qxg6+ Kh8 24. Qh6# 1-0

[Event "DEM U10 2005"]
[Site "Willingen GER"]
[Date "2005.05.15"]
[Round "1"]
[White "Geise, Maria"]
[Black "Lebeda, Timo"]
[Result "0-1"]
[Termination "normal"]
[Board "20"]
[WhiteElo "990"]
[BlackElo "1315"]
[PlyCount "42"]
[BlackFideId "4638565"]
[EventCountry "GER"]
[EventRounds "11"]
[EventType "swiss"]
[EventDate "2005.05.15"]

1. e4 e5 2. Nf3 Nc6 3. Bb5 Nf6 4. Nc3 Bc5 5. O-O O-O 6. d3 d6 7. Bg5 h6 8. Bh4
a6 9. Bxc6 bxc6 10. a3 Bg4 11. b4 Bd4 12. Qd2 Bxf3 13. gxf3 Nxe4 14. Nxe4 Qxh4
15. Rab1 f5 16. Nc3 Rf6 17. Kh1 Rg6 18. Na4 Rg5 19. c3 Rh5 20. Qf4 exf4 21.
cxd4 Qxh2# 0-1

[Event "DEM U10 2005"]
[Site "Willingen GER"]
[Date "2005.05.15"]
[Round "1"]
[White "Stahnecker, Ludwig"]
[Black "Scheel, Henrik"]
[Result "1-0"]
[Termination "normal"]
[Board "21"]
[WhiteElo "1307"]
[BlackElo "986"]
[PlyCount "109"]
[WhiteFideId "24692026"]
[BlackFideId "24692115"]
[EventCountry "GER"]
[EventRounds "11"]
[EventType "swiss"]
[EventDate "2005.05.15"]

1. e4 e5 2. Nf3 Nc6 3. Bb5 d6 4. d4 Bd7 5. Nc3 Nf6 6. Bg5 Be7 7. O-O O-O 8. Re1
Nxd4 9. Nxd4 exd4 10. Qxd4 Bxb5 11. Nxb5 c5 12. Qd2 Qb6 13. c4 a6 14. Nc3 h6
15. Bf4 Rad8 16. b3 Rfe8 17. Qd3 Qc7 18. Re3 Qd7 19. Qe2 Kh7 20. Rd1 Rg8 21. e5
Ne8 22. Ne4 Qf5 23. exd6 Qxf4 24. dxe7 Rxd1+ 25. Qxd1 Qc7 26. Qd5 Qa5 27. Qd2
Qxd2 28. Nxd2 Nf6 29. f4 Re8 30. h3 Ng8 31. Kf2 Nxe7 32. g4 Rd8 33. Nf3 Ng6 34.
Kg3 Rd7 35. f5 Ne7 36. Ne5 Rd2 37. Nxf7 Rxa2 38. Rxe7 Ra3 39. Rxb7 a5 40. Kf4
a4 41. bxa4 Rxa4 42. Nd6 Kg8 43. Rb8+ Kh7 44. Rc8 g5+ 45. fxg6+ Kxg6 46. Rxc5
Ra3 47. Rh5 Ra6 48. c5 Rc6 49. Nf5 Rxc5 50. Rxh6+ Kf7 51. Kg5 Ke8 52. Rh7 Re5
53. Kf6 Rd5 54. Ke6 Ra5 55. Rh8# 1-0

[Event "DEM U10 2005"]
[Site "Willingen GER"]
[Date "2005.05.15"]
[Round "1"]
[White "Bakalarz, Bianca"]
[Black "Kyas, Philipp"]
[Result "0-1"]
[Termination "normal"]
[Board "22"]
[WhiteElo "983"]
[BlackElo "1273"]
[PlyCount "84"]
[BlackFideId "24670936"]
[EventCountry "GER"]
[EventRounds "11"]
[EventType "swiss"]
[EventDate "2005.05.15"]

1. e4 e5 2. Nf3 Nc6 3. d4 exd4 4. Nxd4 d5 5. exd5 Qxd5 6. Nc3 Qxd4 7. Qxd4 Nxd4
8. Bd3 Bc5 9. Be3 Ne6 10. Bd2 Nf6 11. O-O O-O 12. Ne2 Rd8 13. Bc3 b6 14. b4 Bd4
15. Rad1 Bxc3 16. Nxc3 Bb7 17. Rfe1 Nd5 18. Ne2 Nxb4 19. Bf5 Rxd1 20. Rxd1 Rd8
21. Rxd8+ Nxd8 22. c3 Nxa2 23. Kf1 Ba6 24. h4 Nxc3 25. Bg4 Nc6 26. Ke1 Nxe2 27.
Bxe2 Bxe2 28. Kxe2 Nd4+ 29. Kd3 c5 30. Kc4 a5 31. Kc3 b5 32. Kb2 b4 33. Kb1 a4
34. Ka1 a3 35. Ka2 c4 36. Kb1 b3 37. Kc1 c3 38. Kb1 b2 39. Ka2 c2 40. Kxa3 c1=Q
41. Ka4 b1=Q 42. g4 Qb5# 0-1

[Event "DEM U10 2005"]
[Site "Willingen GER"]
[Date "2005.05.15"]
[Round "1"]
[White "Göbel, Constantin"]
[Black "von Freydorf, Sofia"]
[Result "1-0"]
[Termination "normal"]
[Board "23"]
[WhiteElo "1261"]
[BlackElo "965"]
[PlyCount "73"]
[WhiteFideId "24647071"]
[EventCountry "GER"]
[EventRounds "11"]
[EventType "swiss"]
[EventDate "2005.05.15"]

1. e4 e5 2. Nf3 Nc6 3. Bb5 Nf6 4. d3 Bc5 5. Bg5 O-O 6. O-O Nd4 7. Nxd4 Bxd4 8.
c3 Bc5 9. d4 Be7 10. Re1 d6 11. Nd2 c6 12. Ba4 Be6 13. Nf3 Ng4 14. Bxe7 Qxe7
15. h3 b5 16. Bc2 Nf6 17. dxe5 dxe5 18. Nxe5 Rad8 19. Nxc6 Rxd1 20. Nxe7+ Kh8
21. Raxd1 Bd7 22. e5 Nh5 23. Rxd7 g6 24. Red1 Kg7 25. Rd8 Rxd8 26. Rxd8 f6 27.
exf6+ Kxf6 28. Nd5+ Kg7 29. Rd7+ Kh6 30. Rxa7 Kg5 31. Rxh7 Nf6 32. h4+ Kg4 33.
Nxf6+ Kf4 34. Nd7 g5 35. Rf7+ Kg4 36. Ne5+ Kh5 37. Rh7# 1-0